MLB Active WAR Leaders - Statistics

General Stats
  • This quiz has been taken 1,332 times
    97 since last reset
  • The average score is 35 of 41
Answer Stats
Team Pos Answer WAR % Correct
Dodgers 1B Freddie Freeman 64.2
100%
Angels OF Mike Trout 87.5
100%
Yankees OF Aaron Judge 62.3
99%
Astros 2B José Altuve 53.4
99%
Dodgers SS/OF Mookie Betts 75.2
99%
Dodgers SP/DH Shohei Ohtani 51.5
99%
Phillies 1B/OF Bryce Harper 54.0
98%
Mets SS Francisco Lindor 55.7
97%
Padres 3B Manny Machado 61.7
97%
Rangers SS Corey Seager 43.0
96%
Guardians 3B José Ramirez 55.7
96%
Tigers SP Justin Verlander 82.2
96%
Blue Jays SP Max Scherzer 74.7
96%
Brewers OF Christian Yelich 45.1
94%
Yankees 1B Paul Goldschmidt 63.8
94%
Yankees DH Giancarlo Stanton 46.8
93%
Braves SP Chris Sale 57.3
92%
Phillies SS Trea Turner 41.9
92%
Braves 1B Matt Olson 39.7
91%
Royals C Salvador Perez 35.5
91%
Yankees SP Gerrit Cole 42.6
90%
Cubs 3B Alex Bregman 43.1
89%
D-Backs 2B Ketel Marte 35.6
89%
D-Backs 3B Nolan Arenado 57.8
89%
Royals OF Starling Marte 39.3
89%
Rangers SP Jacob deGrom 45.2
88%
Phillies C J.T. Realmuto 38.7
88%
Astros SS Carlos Correa 45.7
87%
Phillies SP Zack Wheeler 39.5
87%
Mets OF Juan Soto 42.6
85%
Giants 3B Matt Chapman 41.8
85%
Mets 2B Marcus Semien 49.2
82%
Blue Jays OF George Springer 42.3
81%
Phillies SP Aaron Nola 35.3
80%
Padres SS Xander Bogaerts 42.0
80%
Yankees 1B/OF Cody Bellinger 30.5
75%
Red Sox SS Trevor Story 34.9
71%
Red Sox SP Sonny Gray 33.8
49%
Rangers OF Andrew McCutchen 49.0
46%
D-Backs 1B/DH Carlos Santana 39.3
39%
Rockies SP Jose Quintana 32.9
26%
No matching quizzes found
Score Distribution
Percent of People with Each Score
Percentile by Number Answered
Your Score History
You have not taken this quiz since the last reset